[Event "Helsingor Xtracon op"]
[Site "Helsingor"]
[Date "2018.07.28"]
[Round "9"]
[White "Jessen, Alexander"]
[Black "Tenold, Andreas"]
[Result "1/2-1/2"]
[WhiteElo "2071"]
[BlackElo "1865"]
[PlyCount "120"]
[EventDate "2018.07.21"]
[EventType "swiss"]
[EventRounds "10"]
[EventCountry "DEN"]
[SourceTitle "CBM 185 Extra"]
[Source "ChessBase"]
[SourceDate "2018.07.29"]
[SourceVersion "1"]
[SourceVersionDate "2018.07.29"]
[SourceQuality "1"]

1. d4 Nf6 2. c4 e6 3. Nc3 Bb4 4. e3 0-0 5. Bd3 d5 6. a3 Bxc3+ 7. bxc3 b6 8. Ne2 Bb7 9. 0-0 Nbd7 10. f3 c5 11. cxd5 exd5 12. Ng3 Qc7 13. Bd2 Rfe8 14. Qc2 g6 15. Rfe1 c4 16. Bf1 h5 17. Nh1 Re7 18. Nf2 Rae8 19. Re2 h4 20. Rae1 Qc6 21. e4 dxe4 22. fxe4 Nxe4 23. Rxe4 Rxe4 24. Rxe4 Rxe4 25. Qxe4 Qxe4 26. Nxe4 Bxe4 27. Bxc4 h3 28. gxh3 Nf6 29. Bb5 Bf5 30. Kg2 Ne4 31. Be1 Nd6 32. Be2 Be6 33. Bg3 Bc4 34. Bxc4 Nxc4 35. Bb8 Nxa3 36. Bxa7 Nb5 37. Bxb6 Nxc3 38. Kf3 f6 39. Ba5 Nb5 40. Ke4 Kf7 41. Kd5 Ke7 42. Kc5 Nd6 43. Bb4 Kd7 44. Kd5 Nf5 45. Ke4 Nd6+ 46. Kf4 Ke6 47. Bc5 Kd5 48. h4 Ne4 49. h5 gxh5 50. Bb6 Nd6 51. h4 Ke6 52. Bd8 Ne8 53. Ba5 Nd6 54. Bc3 Ne8 55. Bb2 Nc7 56. Ke4 Nd5 57. Bc1 Nc3+ 58. Kd3 Nd5 59. Bh6 Ne7 60. Be3 Nf5 1/2-1/2

[Event "Helsingor Xtracon op"]
[Site "Helsingor"]
[Date "2018.07.27"]
[Round "8"]
[White "Tenold, Andreas"]
[Black "Nielsen, Klaus"]
[Result "1/2-1/2"]
[WhiteElo "1865"]
[BlackElo "2057"]
[PlyCount "43"]
[EventDate "2018.07.21"]
[EventType "swiss"]
[EventRounds "10"]
[EventCountry "DEN"]
[SourceTitle "CBM 185 Extra"]
[Source "ChessBase"]
[SourceDate "2018.07.29"]
[SourceVersion "1"]
[SourceVersionDate "2018.07.29"]
[SourceQuality "1"]

1. e4 c5 2. Nf3 Nc6 3. Bb5 g6 4. Bxc6 dxc6 5. 0-0 Bg7 6. h3 Nf6 7. Re1 0-0 8. d3 Qc7 9. Be3 c4 10. dxc4 Nxe4 11. Bd4 Bxd4 12. Qxd4 Nf6 13. Nc3 Bf5 14. Re2 Rfe8 15. Rd1 a6 16. Qc5 Qf4 17. Qd4 Qd6 18. Qb6 Nd7 19. Qd4 Nf6 20. Qb6 Nd7 21. Qd4 Nf6 22. Qb6 1/2-1/2